000 00797nam a2200253Ia 4500
003 OSt
005 20221005110541.0
006 a|||||r|||| 00| 0
007 ta
008 221004b |||||||| |||| 00| 0 hin d
024 _a108841
037 _cTextual
040 _aCRL
_cCRL
_bhin
041 _2hin
_ahin
082 _aO152,1N46,1, N4
100 _aविद्यासागर
245 0 _aमूक माटी
246 _aMūk māṭī
260 _aनई दिल्ली
_bभारतीय ज्ञानपीठ प्रकाशन भारत
_c1994
300 _a488पृ0
_ccm.
650 _aहिन्दी साहित्य
942 _hO152,1N46,1, N4
_cTEXL
_2cc
999 _c1019174
_d1019174